Gaming Quiz

Random Gaming or Console Quiz

All pokémon games Quiz Stats

Quiz not verified by Sporcle

Challenge
Share
Tweet
Embed
Score 0/52 Timer 07:00
0 Plays Today
Console Game % Correct
Gameboy (Japan only)Pokémon Blue
98.7%
Gameboy (Japan only)Pokémon Red
97.7%
GameboyPokémon Red
97.7%
GameboyPokémon Blue
97.7%
GameboyPokémon Yellow
94.4%
Gameboy (Japan only)Pokémon Green
92%
Gameboy ColorPokémon Gold
91.7%
Gameboy ColorPokémon Silver
91.4%
Gameboy AdvancedPokémon Ruby
86%
Gameboy AdvancedPokémon Sapphire
79.1%
Nintendo 64Pokémon Stadium
78.7%
Nintendo 64 (Japan only)Pokémon Stadium
78.7%
Nintendo DSPokémon Diamond
77.1%
Gameboy ColorPokémon Crystal
76.7%
Gameboy AdvancedPokémon Emerald
76.1%
Nintendo DSPokémon Pearl
73.4%
Nintendo 64Pokémon Snap
72.4%
Gameboy AdvancedPokémon FireRed
68.1%
Gameboy AdvancedPokémon LeafGreen
67.1%
Nintendo 64Pokémon Stadium 2
66.1%
Nintendo DSPokémon Platinum
66.1%
Gameboy ColorPokémon Pinball
58.5%
Nintendo DSPokémon Ranger
44.2%
Nintendo GamecubePokémon Colosseum
42.2%
Gameboy ColorPokémon Trading Card Game
35.2%
Gameboy AdvancedPokémon Pinball: Ruby and Sapphire
34.9%
Console Game % Correct
Nintendo GamecubePokémon XD: Gale of Darkness
34.2%
Gameboy AdvancedPokémon Mystery Dungeon: Red Rescue Team
32.2%
Nintendo DSPokémon Mystery Dungeon: Blue Rescue Team
31.9%
Nintendo DSPokémon Trozei
30.2%
Nintendo Wii (WiiWare)My Pokémon Ranch
28.9%
Nintendo DSPokémon SoulSilver
28.9%
Nintendo DSPokémon HeartGold
28.2%
Nintendo WiiPokémon Battle Revolution
27.6%
Nintendo 64Pokémon Puzzle League
26.6%
Nintendo DSPokémon Ranger: Shadows of Almia
25.9%
Nintendo DSPokémon Dash
22.3%
Nintendo GamecubePokémon Channel
21.3%
Nintendo 64Hey You, Pikachu!
19.6%
Nintendo Wii (WiiWare)Pokémon Rumble
18.3%
Gameboy ColorPokémon Puzzle Challenge
17.9%
Gameboy Color (Japan only)Pokémon Trading Card Game 2
15.9%
Nintendo DSPokémon Mystery Dungeon: Explorers of Time
15.9%
Nintendo DSPokémon Mystery Dungeon: Explorers of Darkness
14.6%
Nintendo GamecubePokémon Box: Ruby and Sapphire
12.3%
Nintendo DSPokémon Mystery Dungeon: Explorers of Sky
11.3%
Nintendo DSPokémon Ranger: Guardian Signs
7.6%
Arcade (Japan only)Pokémon Battrio
6.6%
Nintendo WiiPoképark Wii: Pikachu's Great Adventure
4.3%
Nintendo Wii (WiiWare)Pokémon Mystery Dungeon: Keep Going! Blazing Adventure Squad
2%
Nintendo Wii (WiiWare)Pokémon Mystery Dungeon: Let's Go! Stormy Adventure Squad
1.7%
Nintendo Wii (WiiWare)Pokémon Mystery Dungeon: Go For It! Light Adventure Squad
1.7%

You're not logged in!

Compare scores with friends on all Sporcle quizzes.
Sign Up with Email
OR
Log In

You Might Also Like...

Show Comments

Extras

Top Quizzes Today


Score Distribution

Your Account Isn't Verified!

In order to create a playlist on Sporcle, you need to verify the email address you used during registration. Go to your Sporcle Settings to finish the process.